00624cam a22002291 4500001001300000003000400013005001700017008004100034010001700075035002000092040004100112042001200153050001700165100002300182245003800205260004500243300001900288504003100307600002100338651002000359999001500379af 47007086 DLC20260227110840.0870410s1944 it b 000 0 ita c aaf 47007086  a(OCoLC)15514415 aNew York. Public LibrarycMWelCdDLC apremarc00aDG611.5b.S51 aSivieri, Lamberto.02aI Savoia dalle origini alla fine. aRoma,bLibreria politica modernac[1944] a160 p.c21 cm. aBibliographical footnotes.30aSavoy, House of. 0aItalyxHistory. c3823d3823